书目信息 |
| 题名: |
色彩的魔力
|
|
| 作者: | 科斯 著 ;袁俊生 译 | |
| 分册: | ||
| 出版信息: | 重庆 重庆大学出版社 2016 |
|
| 页数: | 179页 | |
| 开本: | 21cm | |
| 丛书名: | ||
| 单 册: | ||
| 中图分类: | J063-05 | |
| 科图分类: | ||
| 主题词: | 色彩学--se cai xue--艺术心理学 | |
| 电子资源: | ||
| ISBN: | 978-7-5624-9450-8 | |
| 000 | 01119nam0 22002531 450 | |
| 001 | 1754530637 | |
| 005 | 20170516112211.0 | |
| 010 | @a978-7-5624-9450-8@dCNY35.00 | |
| 100 | @a20160628d2016 em y0chiy50 ea | |
| 101 | 1 | @achi@cfre |
| 102 | @aCN@b500000 | |
| 105 | @ay z 000yy | |
| 106 | @ar | |
| 200 | 1 | @a色彩的魔力@9se cai de mo li@dL'etonnant pouvoir des couleurs@f(法)让-加布里埃尔·科斯(Jean-Gabriel Causse)著@g袁俊生译@zfre |
| 210 | @a重庆@c重庆大学出版社@d2016 | |
| 215 | @a179页@d21cm | |
| 330 | @a本书是一部色彩学兼心理学读物,书中带来了大量生动有趣的有关色彩的新科学研究案例:比如红色能唤醒人的爬行动物脑,如果想进行理性思考,远离红颜色;相较四壁落白、家具颜色单调的办公环境,员工在一个色彩突出的办公环境里会更有效率;橙色会刺激想与别人沟通的欲望,而白天在青绿色的环境下工作,人会在夜里睡得更香甜。 | |
| 510 | 1 | @aL'etonnant pouvoir des couleurs@zfre |
| 606 | 0 | @a色彩学@9se cai xue@x艺术心理学 |
| 690 | @aJ063-05@v5 | |
| 701 | 0 | @c(法)@a科斯@9ke si@c(Causse, Jean-Gabriel)@4著 |
| 702 | 0 | @a袁俊生@9yuan juan sheng@4译 |
| 801 | 0 | @aCN@b百万庄@c20170513 |
| 905 | @b1006182-7@dJ063-05@e383@f6 | |
| 色彩的魔力=L'etonnant pouvoir des couleurs/(法)让-加布里埃尔·科斯(Jean-Gabriel Causse)著/袁俊生译.-重庆:重庆大学出版社,2016 |
| 179页;21cm |
| ISBN 978-7-5624-9450-8:CNY35.00 |
| 本书是一部色彩学兼心理学读物,书中带来了大量生动有趣的有关色彩的新科学研究案例:比如红色能唤醒人的爬行动物脑,如果想进行理性思考,远离红颜色;相较四壁落白、家具颜色单调的办公环境,员工在一个色彩突出的办公环境里会更有效率;橙色会刺激想与别人沟通的欲望,而白天在青绿色的环境下工作,人会在夜里睡得更香甜。 |
| ● |
| 相关链接 |
|
|
|
|
正题名:色彩的魔力
索取号:J063-05/383
 
预约/预借
| 序号 | 登录号 | 条形码 | 馆藏地/架位号 | 状态 | 备注 |
| 1 | 1006182 | 210061822 | 第一样本阅览室/ [索取号:J063-05/383] | 在馆 | |
| 2 | 1006183 | 210061831 | 教育系资料室/ [索取号:J063-05/383] | 在馆 | |
| 3 | 1006184 | 210061840 | 教育系资料室/ [索取号:J063-05/383] | 在馆 | |
| 4 | 1006185 | 210061859 | 教育系资料室/ [索取号:J063-05/383] | 在馆 | |
| 5 | 1006186 | 210061868 | 第一借阅区/ [索取号:J063-05/383] | 在馆 | |
| 6 | 1006187 | 210061877 | 第一借阅区/ [索取号:J063-05/383] | 在馆 |